000 00652nam a2200277Ia 4500
005 20260324113058.0
008 008 260324s9999 xx 000 0 eng d
020 _a9781003476894
037 _aEBOOK
040 _aCRL
040 _beng
040 _cCRL
041 _2eng
041 _aeng
084 _qCRL
100 _aNeelam Singh; I. S. Singh
_91145328
245 0 _aFood Nutrition, Science and Technology
260 _bTaylor and Francis
260 _c2024
365 _a
365 _b355
856 _uhttp://www.taylorfrancis.com/books/9781003476894
942 _cEBOOK
999 _c1734796
_d1734796